00567nam a2200169Ia 4500008004100000100001800041245009100059245004600150260003000196260000900226300002200235440005100257650002300308650000800331650002700339650003100366190427s9999 xx 000 0 und d aHsu Chin-Lung aExploring factors affecting the adoption: Examination of buyer-supplier relationships/ cChin-Lung Hsu and Judy Chuan-Chuan Lin.-- bTaylor and Francis Group  c2018 apages 49-57, 2018 aJournal of Computer Inforamation Systemv58(1) aInternet of Things aIoT apercieved privacy risk aValue Based adoption model